English Monarchy and Its Substitution a Study in Analytical Politic (Record no. 954)

MARC details
000 -LEADER
fixed length control field 00419nam a2200145Ia 4500
008 - FIXED-LENGTH DATA ELEMENTS--GENERAL INFORMATION
fixed length control field 211109s9999||||xx |||||||||||||| ||und||
082 ## - DEWEY DECIMAL CLASSIFICATION NUMBER
Classification number 943.6044
Item number BAI-E
100 ## - MAIN ENTRY--PERSONAL NAME
Personal name Bain, F W
245 #0 - TITLE STATEMENT
Title English Monarchy and Its Substitution a Study in Analytical Politic
260 ## - PUBLICATION, DISTRIBUTION, ETC.
Name of publisher, distributor, etc. Un Known
Place of publication, distribution, etc. Misplace
Date of publication, distribution, etc. 1994
300 ## - PHYSICAL DESCRIPTION
Extent 226p.
630 ## - SUBJECT ADDED ENTRY--UNIFORM TITLE
General subdivision General Stack
650 ## - SUBJECT ADDED ENTRY--TOPICAL TERM
Topical term or geographic name entry element Great Britain
942 ## - ADDED ENTRY ELEMENTS (KOHA)
Koha item type BOOK
650 ## - SUBJECT ADDED ENTRY--TOPICAL TERM
Form subdivision History of England
General subdivision History
Holdings
Withdrawn status Lost status Damaged status Not for loan Home library Current library Date acquired Cost, normal purchase price Total Checkouts Full call number Barcode Shelving location Date last seen Price effective from Koha item type
        SB LIBRARY SB LIBRARY 09/11/2021 100.00   943.6044 BAI-E 00000955 GENERAL STACK 09/11/2021 09/11/2021 BOOK

Powered by Koha